000 00725nam a2200193 i 4500
001 91416
003 ES-MaACL
007 t|
008 050131s1981 ck ||||1| spa d
100 1 _aLevine, Ira N.
_971976
245 1 0 _aFisicoquímica /
_cIra N. Levine ; traducción, Angel González Ureña ; colaboradores, Antonio Cabello Albalá, Víctor Herrero Ruiz de Loizaga ; revisión, Angel Zapata.
260 _aBogotá :
_bMcGraw-Hill Latinoamericana,
_c1981.
300 _aXVI, 635 p. ;
_c28 cm.
700 1 _aGonzález Ureña, A.
_958998
700 1 _aCabello Albalá, Antonio.
_933172
700 1 _aHerrero Ruiz de Loizaga, Víctor.
_963341
700 1 _aZapata, Angel.
_9117988
852 _aES-MaACL
_jL-5329
_bR.105855
999 _c91416
_d91416